LEADER 01196nam a2200277 i 4500 001 000000132522 003 CaOOAMICUS 005 20070419000000.0 008 070419s1998 it u000 u ita u 013 $a105480 020 $a88-17-85023-3 040 $aSeMil$bita 100 1 $aPetrosillo, Orazio <1947-2007>.$0(OLS)http://semarc/name/44437 245 13$aLa Sindone :$bstoria di un enigma /$cOrazio Petrosillo, Emanuela Marinelli ; prefazione di Vittorio Messori. 260 $aMilano :$bRizzoli,$c1998. 300 $a296 p., [8] p. di tav. :$bill. ;$c24 cm. 500 $aContiene : Bibliografia. 650 4$aSanta Sindone.$0(OLS)http://semarc/subject/6943 700 1 $aMessori, Vittorio,$d<1941- >.$0(OLS)http://semarc/name/16978 700 1 $aMarinelli, Emanuela,$d<1951- >.$0(OLS)http://semarc/name/34789 850 $aSeMil 852 $aSeMil$W1$xVenegono$y1$m2X IV 63$j86430$B86430$CSeMilBibl$Z2$F122564 $81 961 $aLascito: Maggi mons. Francesco 996 $6020$a88-17-85023-3$9(OLS)http://semarc/number/119562 996 $6245$aLa Sindone :$bstoria di un enigma$9(OLS)http://semarc/title/194620 996 $6260$aMilano :$bRizzoli$9(OLS)http://semarc/publisher/29824 LEADER 00888nam a2200193 i 4500 001 000000217899 003 CaOOAMICUS 005 20130103000000.0 008 130103s1619 xx u000 u lat u 013 $a196796 026 $as.o, umla uaro adta (3) 1619 (R) 040 $aSeMil$bita 245 10$aTomus posterior. 300 $a662, [2] p. 500 $aSegn. : A-2Z6, 3A-3H6 3I8. 773 0 $aSuarez, Francisco, $tFrancisci Suarez, e societate Iesu, Metaphysicarum disputationum, in quibus, & vniuersa naturalis theologia ordinate traditur, et quaestiones ad omnes duodecim Aristotelis libros pertinentes, accurate disputantur, tomi duo ..$dVenetiis : Apud Petrum Mariam Bertanum, 1619.$g2$w()27888 850 $aSeMil 852 $aSeMil$W1$xVenegono$y1$m2D VI 58 FA$j168313$B168313$CSeMilBibl$Z2$F179134 $8I 996 $6245$aTomus posterior$9(OLS)http://semarc/title/103464